000 00420nam a2200109Ia 4500
008 230320s9999||||xx |||||||||||||| ||spa||
082 _aTMI/2007/27
100 _aCárdenas Ramos, Jimmy
245 0 _aDiseño Curricular Individualizado Como Desarrollo De Capacidades Lógicos Matemáticas Del Tercer Año De Secundaria. Libre De Contenidos Colegio Salesiano Rosenthal De La Puente
260 _bLima 2007
942 _80
_cLIB
999 _c45961
_d45961